| 000 | 00351nam a2200145Ia 4500 | ||
|---|---|---|---|
| 008 | 150301s2014 xx 000 0 und d | ||
| 082 |
_a6107367 _bM14P |
||
| 100 | _aMARSHALL, JAYNE | ||
| 245 | _aMYLES TB. FOR MIDWIFERY | ||
| 250 | _a16TH | ||
| 260 |
_bCHURCHIL EDINBURGH _c2014 |
||
| 300 | _a780 | ||
| 650 | _aMIDWIFERY GYNECOLOGY | ||
| 942 |
_2ddc _cBK |
||
| 999 |
_c6867 _d6867 |
||